000
00292nam a2200121 a 4500
005
20141022142006.0
008
090305s19uu xx 00 eng d
050
_a
VCD
_b
D54
245
_a
Engineering the Impossible.
650
_a
VCD.
650
_a
Engineering the Impossible
942
_c
AVM
999
_c
276524
_d
276524